Bài tập Vật lí 8

Sách gồm các dạng bài tập về cơ học và nhiệt học. giúp các em nắm vững kiến thức đã học trong sách giáo khoa.

সংরক্ষণ করুন:
গ্রন্থ-পঞ্জীর বিবরন
প্রধান লেখক: Bùi, Gia Thịnh
বিন্যাস: গ্রন্থ
ভাষা:Undetermined
প্রকাশিত: Hà Nội Giáo dục 2010
বিষয়গুলি:
ট্যাগগুলো: ট্যাগ যুক্ত করুন
কোনো ট্যাগ নেই, প্রথমজন হিসাবে ট্যাগ করুন!
Thư viện lưu trữ: Trung tâm Học liệu Trường Đại học Cần Thơ
LEADER 00773nam a2200217Ia 4500
001 CTU_158052
008 210402s9999 xx 000 0 und d
020 |c 6500 
082 |a 530.712 
082 |b Th312/L.8 
100 |a Bùi, Gia Thịnh 
245 0 |a Bài tập Vật lí 8 
245 0 |c Bùi Gia Thịnh (chủ biên) 
260 |a Hà Nội 
260 |b Giáo dục 
260 |c 2010 
520 |a Sách gồm các dạng bài tập về cơ học và nhiệt học. giúp các em nắm vững kiến thức đã học trong sách giáo khoa. 
650 |a Physics 
650 |x Study and teaching (Secondary) 
904 |i Phan Thị Kim Lan (Bạch Trúc) 
980 |a Trung tâm Học liệu Trường Đại học Cần Thơ